<?xml version="1.0" encoding="UTF-8"?><?xml-stylesheet type="text/xsl" href="static/style.xsl"?><OAI-PMH xmlns="http://www.openarchives.org/OAI/2.0/" xmlns:xsi="http://www.w3.org/2001/XMLSchema-instance" xsi:schemaLocation="http://www.openarchives.org/OAI/2.0/ http://www.openarchives.org/OAI/2.0/OAI-PMH.xsd"><responseDate>2026-04-28T19:36:42Z</responseDate><request verb="GetRecord" identifier="oai:uvadoc.uva.es:10324/23680" metadataPrefix="marc">https://uvadoc.uva.es/oai/request</request><GetRecord><record><header><identifier>oai:uvadoc.uva.es:10324/23680</identifier><datestamp>2022-01-11T09:44:39Z</datestamp><setSpec>com_10324_23595</setSpec><setSpec>com_10324_5186</setSpec><setSpec>com_10324_29291</setSpec><setSpec>col_10324_23603</setSpec></header><metadata><record xmlns="http://www.loc.gov/MARC21/slim" xmlns:doc="http://www.lyncode.com/xoai" xmlns:xsi="http://www.w3.org/2001/XMLSchema-instance" xmlns:dcterms="http://purl.org/dc/terms/" xsi:schemaLocation="http://www.loc.gov/MARC21/slim http://www.loc.gov/standards/marcxml/schema/MARC21slim.xsd">
<leader>00925njm 22002777a 4500</leader>
<datafield tag="042" ind1=" " ind2=" ">
<subfield code="a">dc</subfield>
</datafield>
<datafield tag="720" ind1=" " ind2=" ">
<subfield code="a">Pappous, Athanasios</subfield>
<subfield code="e">author</subfield>
</datafield>
<datafield tag="720" ind1=" " ind2=" ">
<subfield code="a">Marcellini, Anne</subfield>
<subfield code="e">author</subfield>
</datafield>
<datafield tag="720" ind1=" " ind2=" ">
<subfield code="a">Léséleuc, Eric de</subfield>
<subfield code="e">author</subfield>
</datafield>
<datafield tag="720" ind1=" " ind2=" ">
<subfield code="a">Río Valle, Schmidt</subfield>
<subfield code="e">author</subfield>
</datafield>
<datafield tag="720" ind1=" " ind2=" ">
<subfield code="a">Cruz Quintana, Francisco</subfield>
<subfield code="e">author</subfield>
</datafield>
<datafield tag="720" ind1=" " ind2=" ">
<subfield code="a">García Caro, María Paz</subfield>
<subfield code="e">author</subfield>
</datafield>
<datafield tag="720" ind1=" " ind2=" ">
<subfield code="a">Muñoz Vinuesa, A.</subfield>
<subfield code="e">author</subfield>
</datafield>
<datafield tag="260" ind1=" " ind2=" ">
<subfield code="c">2009</subfield>
</datafield>
<datafield tag="520" ind1=" " ind2=" ">
<subfield code="a">Los medios de comunicación ejercen una influencia considerable sobre la imagen de las personas con discapacidad. Mediante este estudio queríamos realizar una exploración preliminar de la cobertura fotográfica de la prensa europea durante los Juegos Paralímpicos del 2000 y 2004. Los diarios aquí estudiados ofrecen unas imágenes incluyentes, que participan en un proceso de desestigmatización de las personas con discapacidad. No obstante una parte de la presente tipología preliminar incluye también imágenes que no alteran la imagen estereotipada acerca de la/s discapacidad/es.</subfield>
</datafield>
<datafield tag="520" ind1=" " ind2=" ">
<subfield code="a">The importance of the mass media regarding the image of people with disabilities is today well known. The aim of this study is to carry out a preliminary analysis of the photographic coverage of the Paralympic Games of 2000 and 2004 as appeared in the european written press. The analysis of the newspapers indicates the presence of some possitive images which participate in the inclusión qnd destigmatization of people with disabilities. However, another part of the typology that was developed in the present study, indicates also the presence of more sterotyped images which do not contribute to the destigmatization of the disability-ies.</subfield>
</datafield>
<datafield tag="024" ind2=" " ind1="8">
<subfield code="a">Agora para la educación física y el deporte, 2009, N.9, pags.31-42</subfield>
</datafield>
<datafield tag="024" ind2=" " ind1="8">
<subfield code="a">1578-2174</subfield>
</datafield>
<datafield tag="024" ind2=" " ind1="8">
<subfield code="a">http://uvadoc.uva.es/handle/10324/23680</subfield>
</datafield>
<datafield tag="024" ind2=" " ind1="8">
<subfield code="a">31</subfield>
</datafield>
<datafield tag="024" ind2=" " ind1="8">
<subfield code="a">9</subfield>
</datafield>
<datafield tag="024" ind2=" " ind1="8">
<subfield code="a">42</subfield>
</datafield>
<datafield tag="245" ind1="0" ind2="0">
<subfield code="a">La representación mediática del deporte adaptado a la discapacidad en los medios de comunicación</subfield>
</datafield>
</record></metadata></record></GetRecord></OAI-PMH>